[Event "Riazan Region-ch 1League"]
[Site "Riazan"]
[Date "2010.01.??"]
[Round "?"]
[White "Kuziurova, Elena"]
[Black "Sudakov, Sergey"]
[Result "1-0"]
[WhiteElo "1966"]
[BlackElo "2086"]
[PlyCount "57"]
[EventDate "2010.01.??"]
[EventType "swiss"]
[EventRounds "9"]
[EventCountry "RUS"]
[SourceTitle "EXT 2012"]
[Source "ChessBase"]
[SourceDate "2011.11.24"]
[SourceVersion "1"]
[SourceVersionDate "2011.11.24"]
[SourceQuality "1"]

1. e4 e5 2. Nf3 Nc6 3. d4 exd4 4. Nxd4 Bc5 5. c3 Nf6 6. Nxc6 dxc6 7. Qxd8+ Kxd8 8. Bg5 Be6 9. e5 h6 10. Bxf6+ gxf6 11. exf6 Ke8 12. Nd2 Kf8 13. Ne4 Bd6 14. Nxd6 cxd6 15. f3 Kg8 16. g4 Kh7 17. Bd3+ Kg8 18. h4 a5 19. Kf2 a4 20. a3 Bb3 21. f4 c5 22. g5 c4 23. Be4 Ra5 24. Bxb7 Rb5 25. Bf3 Kh7 26. Rae1 Ba2 27. Be4+ Kg8 28. Re2 d5 29. Bf5 1-0